00418nam a2200193Ia 4500003000900000008004100009040001300050040001300063041000800076100001900084245002600103250002200129260002100151260000900172300001100181300001200192490001400204490000600218IT-RoPAU120407s9999 xx 000 0 und d aIT-RoPAU cIT-RoPAU aita aMichel Quesnel aLa storia dei Vangeli aCinisello Balsamo aEdizioni Paoline c1989 a128 p. c18,5 cm aI compact v1